ՀՀ Գիտությունների ազգային ակադեմիայի հիմնարար գիտական գրադարան  =   Fundamental Scientific Library of NAS RA

Петръ Григорьевичъ Каховскiй / (Record no. 434941)

MARC details
000 -LEADER
fixed length control field 00757nam a22002292a 4500
003 - CONTROL NUMBER IDENTIFIER
control field AM-YeHGA
005 - DATE AND TIME OF LATEST TRANSACTION
control field 20260316122601.0
008 - FIXED-LENGTH DATA ELEMENTS--GENERAL INFORMATION
fixed length control field 100622s1919 ru |||| ||||||||| ||rus d
040 ## - CATALOGING SOURCE
Original cataloging agency AM-YeHGA
041 0# - LANGUAGE CODE
Language code of text/sound track or separate title rus
100 1# - MAIN ENTRY--PERSONAL NAME
Personal name Щеголев, Павел Елисеевич
245 10 - TITLE STATEMENT
Title Петръ Григорьевичъ Каховскiй /
Statement of responsibility, etc. Соч. П. Е. Щеголева.
246 13 - VARYING FORM OF TITLE
Title proper/short title Петр Григорьевич Каховский
246 14 - VARYING FORM OF TITLE
Title proper/short title Каховский
260 ## - PUBLICATION, DISTRIBUTION, ETC.
Place of publication, distribution, etc. Москва :
Name of publisher, distributor, etc. Альциона,
Date of publication, distribution, etc. 1919.
300 ## - PHYSICAL DESCRIPTION
Extent [4], 153, [2] с. :
Dimensions 20 см.
490 10 - SERIES STATEMENT
Series statement Декабристы
600 14 - SUBJECT ADDED ENTRY--PERSONAL NAME
Personal name Каховский, П.Г.
650 14 - SUBJECT ADDED ENTRY--TOPICAL TERM
Topical term or geographic name entry element Декабристы
830 0# - SERIES ADDED ENTRY--UNIFORM TITLE
Uniform title Декабристы
942 ## - ADDED ENTRY ELEMENTS (KOHA)
Source of classification or shelving scheme Universal Decimal Classification
Koha item type Գրքեր / Books
Holdings
Withdrawn status Lost status Source of classification or shelving scheme Damaged status Not for loan Collection Home library Current library Date acquired Total checkouts Full call number Barcode Date last seen Price effective from Koha item type Public note
    Universal Decimal Classification     General Fundamental Scientific Library Fundamental Scientific Library 31/07/2019   PII/11479 FL0596031 31/07/2019 31/07/2019 Գրքեր / Books 30 Days Loan
    Universal Decimal Classification     Kusikian Individual Collection Fundamental Scientific Library Fundamental Scientific Library 16/03/2026   Кус/5050 FL0698953 16/03/2026 16/03/2026 Գրքեր / Books ILL Non Circ.


ՀՀ ԳԱԱ հիմնարար գիտական գրադարան
ՀՀ,Երևան 0019
Մարշալ Բաղրամյան 24/6
հեռախոս:(374-10) 52-47-50
Հետադարձ կապ

All site content, except where otherwise noted, is licensed under a
Creative Commons License